El dualismo Patricio-Plebeyo

Збережено в:
Бібліографічні деталі
Автор: Montero Herrero, Santiago (autor)
Інші автори: Martínez-Pinna Nieto, Jorge (autor)
Формат: Книга
Мова:Іспанська
Опубліковано: Madrid Akal 1990
Серія:Akal. Historia del Mundo Antiguo. Roma, 38
Предмети:
Теги: Додати тег
Немає тегів, Будьте першим, хто поставить тег для цього запису!

MARC

LEADER 00000nam a2200000 a 4500
001 UCX6353
003 CL-VaPUC
008 930525e19900000SP |||||||||||||||||spa|d
082 0 4 |a 937.03  |b MON  |2 21 
100 |a Montero Herrero, Santiago  |e autor  |9 597871 
700 |a Martínez-Pinna Nieto, Jorge  |e autor  |9 597923 
245 1 3 |a El dualismo Patricio-Plebeyo 
300 |a 56 p 
942 |c BK 
945 |d 19930525 00:00:00 
260 |a Madrid  |b Akal  |c 1990 
651 0 |a Roma   |9 255106 
583 |a last modification  |c 19930525 00:00:00  |k Rodrigo Vera 
490 0 |a Akal. Historia del Mundo Antiguo. Roma, 38 
999 |c 226381  |d 226379 
952 |0 0  |1 0  |4 0  |6 937_030000000000000_MON_1990  |7 0  |8 A  |9 224679  |a BIBHIS  |b BIBHIS  |d 2019-11-15  |i 2934485  |o 937.03 MON 1990  |p 2934485  |r 2025-01-20  |w 2019-11-15  |y BK  |k HIS